Young Detectives: (Record no. 203477)

MARC details
000 -LEADER
fixed length control field 00693nam a22002177a 4500
005 - DATE AND TIME OF LATEST TRANSACTION
control field 20240703120525.0
010 ## - LCCN (DPL NO)
LC control number ENG-140563
020 ## - INTERNATIONAL STANDARD BOOK NUMBER
International Standard Book Number 978-932-91813-03-1
Terms of availability 159.00
035 ## - SYSTEM CONTROL NUMBER
System control number EN-124095
035 ## - SYSTEM CONTROL NUMBER
System control number EN-124064
037 ## - SOURCE OF ACQUISITION
Source of stock number/acquisition DBAD
082 ## - DEWEY DECIMAL CLASSIFICATION NUMBER
Classification number 823.308
100 ## - MAIN ENTRY--PERSONAL NAME
Personal name Bose,Sumita
245 ## - TITLE STATEMENT
Title Young Detectives:
Remainder of title A dozen mysteries for you to solve/
Statement of responsibility, etc By Sunita Bose
260 ## - PUBLICATION, DISTRIBUTION, ETC. (IMPRINT)
Name of publisher, distributor, etc Griffin Publication
Place of publication, distribution, etc Meerut
270 ## - ADDRESS
Address Yashoda Kunj, Mawana Road, Meerut
City Meerut
Postal code 25001
300 ## - PHYSICAL DESCRIPTION
Dimensions 20cm(hbk)
Extent 92p.
500 ## - GENERAL NOTE
General note This is a collection of short stories written by children.
700 ## - ADDED ENTRY--PERSONAL NAME
9 (RLIN) 60908
Personal name Parthsarathi Mitra
942 ## - ADDED ENTRY ELEMENTS (KOHA)
Item type English Books
Source of classification or shelving scheme Dewey Decimal Classification
Classification part 823.308
Call number prefix BOS
Holdings
Withdrawn status Lost status Not for loan Collection code Home library Current library Date acquired Source of acquisition Cost, normal purchase price Full call number Barcode Copy number Cost, replacement price Koha item type
      Non-fiction Central Jail Tihar Central Jail Tihar 04/06/2024 DBAD 159.00 823.308 BOS EN-124095 1 159.00 English Books

© Delhi Public Library
Hit Counter
free hit counter